Hegel: notas de trabajo

Uloženo v:
Podrobná bibliografie
Hlavní autor: Ortega y Gasset, José (autor)
Další autoři: Hernández Sánchez, Domingo (Editor)
Médium: Kniha
Jazyk:španělština
Vydáno: Madrid Abada 2007
Edice:Lecturas de Filosofía
Témata:
Tagy: Přidat tag
Žádné tagy, Buďte první, kdo vytvoří štítek k tomuto záznamu!

MARC

LEADER 00000cam a2200000 a 4500
001 UCI9584
003 CL-VaPUC
005 20230421074440.0
008 081128e20070000SP |||||||||||||||||spa|d
999 |c 332098  |d 332096 
020 |a 9788496775077 
040 |c Pontificia Universidad Católica de Valparaíso 
082 0 4 |a 193  |b ORT  |2 21 
100 |a Ortega y Gasset, José   |e autor  |9 878566 
245 1 0 |a Hegel: notas de trabajo 
260 |a Madrid  |b Abada  |c 2007 
300 |a 211 p 
490 0 |a Lecturas de Filosofía 
583 |a last modification  |c 20140121 08:38:14  |k Rodrigo Vera 
600 0 |a Hegel, Georg Wilhelm Friedrich  |d 1770-1831  |9 860268 
650 0 |a Filosofía alemana   |9 265002 
650 0 |a Dialéctica  |9 257902 
700 |a Hernández Sánchez, Domingo  |e editor  |9 878556 
942 |c BK  |2 ddc 
945 |d 20081128 00:00:00  |a rbrito 
952 |0 0  |1 0  |4 0  |6 193_000000000000000_ORT_2007  |7 0  |8 A  |9 419475  |a BIBEDU  |b BIBEDU  |d 2019-11-22  |i 4962257  |l 4  |m 2  |o 193 ORT 2007  |p 4962257  |q 2024-08-02  |r 2024-07-03  |s 2024-07-03  |w 2019-11-22  |y BK  |k FIL